| 000 -LEADER |
| fixed length control field |
00793nam a22002177a 4500 |
| 005 - DATE AND TIME OF LATEST TRANSACTION |
| control field |
20251009084354.0 |
| 008 - FIXED-LENGTH DATA ELEMENTS--GENERAL INFORMATION |
| fixed length control field |
250926b ||||| |||| 00| 0 eng d |
| 020 ## - INTERNATIONAL STANDARD BOOK NUMBER |
| International Standard Book Number |
9781848577176 |
| 040 ## - CATALOGING SOURCE |
| Transcribing agency |
KH8 |
| 082 ## - DEWEY DECIMAL CLASSIFICATION NUMBER |
| Classification number |
158.1 EDW |
| 100 ## - MAIN ENTRY--PERSONAL NAME |
| Personal name |
EDWARDS,NICOLA |
| Relator term |
AUTHOR |
| Language of a work |
ENGLISH |
| 245 ## - TITLE STATEMENT |
| Title |
HAPPY |
| 260 ## - PUBLICATION, DISTRIBUTION, ETC. |
| Place of publication, distribution, etc. |
1 CODA STUDIOS,189 MUNSTER ROAD,LONDON SW6 6AW |
| Name of publisher, distributor, etc. |
AN IMPRINT OF LITTLE TIGER PRESS LIMITED |
| Date of publication, distribution, etc. |
2018 |
| 300 ## - PHYSICAL DESCRIPTION |
| Extent |
32 pages |
| Other physical details |
colour illustrations |
| Dimensions |
27 cm x 22 cm |
| 500 ## - GENERAL NOTE |
| General note |
“A children’s journey in rhyme to explore emotions and calm.” “Illustrator: Katie Hickey.” |
| 650 ## - SUBJECT ADDED ENTRY--TOPICAL TERM |
| Source of heading or term |
Mindfulness |
| Topical term or geographic name entry element |
Juvenile literature |
| 650 ## - SUBJECT ADDED ENTRY--TOPICAL TERM |
| Source of heading or term |
Emotions |
| Topical term or geographic name entry element |
Juvenile literature |
| 650 ## - SUBJECT ADDED ENTRY--TOPICAL TERM |
| Source of heading or term |
Happiness |
| Topical term or geographic name entry element |
Juvenile literature |
| 700 ## - ADDED ENTRY--PERSONAL NAME |
| Personal name |
Hickey, Katie |
| Relator term |
illustrator |
| 942 ## - ADDED ENTRY ELEMENTS (KOHA) |
| Source of classification or shelving scheme |
|
| Koha item type |
Books - Non Ficton |